First course in systems biology (Record no. 166413)

MARC details
000 -LEADER
fixed length control field 00366nam a2200145Ia 4500
008 - FIXED-LENGTH DATA ELEMENTS--GENERAL INFORMATION
fixed length control field 230917s9999||||xx |||||||||||||| ||und||
040 ## - CATALOGING SOURCE
-- 205456
Original cataloging agency VIVEKANANDA LIBRARY
041 ## - Language
-- English
082 ## - DDC NUMBER
Classification number 570.1 V877F
100 ## - MAIN ENTRY--PERSONAL NAME
Personal name Voit, Eberhard O
245 #0 - TITLE STATEMENT
Title First course in systems biology
260 ## - PUBLICATION, DISTRIBUTION, ETC. (IMPRINT)
Place of publication, distribution, etc London
Name of publisher, distributor, etc Garland Science
Date of publication, distribution, etc 2012
300 ## - PHYSICAL DESCRIPTION
Pages xiii, 445 p.
942 ## - ADDED ENTRY ELEMENTS (KOHA)
Koha item type Books
Holdings
Withdrawn status Lost status Damaged status Not for loan Location (home branch) Sublocation or collection (holding branch) Date acquired Koha issues (times borrowed) Koha full call number Accession No. Koha date last seen Koha item type Shelving location
        VIVEKANANDA LIBRARY VIVEKANANDA LIBRARY 02/03/2015   570.1 V877F 309972 17/09/2023 Books  
        VIVEKANANDA LIBRARY VIVEKANANDA LIBRARY 02/03/2015   570.1 V877F 323157 17/09/2023 Books UIET Library
© Designed and Maintained by Vivekananda Library, MDU Rohtak